Football : Les Français qui ont marqué un but en coupe du monde 2018 - Statistiques

Statistiques générales
  • Ce quiz a été pris 597 fois
  • Le résultat moyen est 6 sur 6
Statistiques - réponses
Nombre de buts Adversaires Joueur % Correct
4 Pérou / Argentine (2) / Croatie Mbappé
100%
4 Australie / Argentine / Uruguay / Croatie Griezmann
98%
1 Croatie Pogba
96%
1 Argentine Pavard
95%
1 Belgique Umtiti
94%
1 Uruguay Varane
85%
Aucun quiz correspondant
Distribution des résultats
% des personnes avec chaque résultat
Percentile par nombre de réponses
Votre historique - résultats
Vous n’avez pas pris ce quiz